|
|
|
|
| LEADER |
00000nam0a2200000 4500 |
| 001 |
309684 |
| 005 |
20231102002220.0 |
| 020 |
|
|
|a RU
|b 82-3065
|
| 035 |
|
|
|a (RuTPU)RU\TPU\book\335023
|
| 090 |
|
|
|a 309684
|
| 100 |
|
|
|a 20151117d1981 km y0rusy5003 ca
|
| 101 |
0 |
|
|a rus
|
| 102 |
|
|
|a UA
|
| 105 |
|
|
|a a z 001zy
|
| 200 |
1 |
|
|a Перспективы разработки и применения аналоговых интегральных схем
|f В. А. Ткаченко, В. С. Рысин, В. Н. Тимонтеев
|g Общество "Знание" Украинской ССР
|
| 210 |
|
|
|a Киев
|c О-во "Знание" УССР
|d 1981
|
| 215 |
|
|
|a 26 с.
|c ил.
|
| 225 |
1 |
|
|a Библиотечка "Проблемы интегрральной электроники"
|
| 320 |
|
|
|a Библиогр.: с. 25
|
| 606 |
1 |
|
|a Интегральные схемы микроэлектронные
|2 stltpush
|3 (RuTPU)RU\TPU\subj\12776
|9 39496
|
| 610 |
1 |
|
|a разработка
|
| 610 |
1 |
|
|a применение
|
| 610 |
1 |
|
|a аналоговые интегральные схемы
|
| 610 |
1 |
|
|a перспективы
|
| 610 |
1 |
|
|a перемножители
|
| 610 |
1 |
|
|a электрические характеристики
|
| 610 |
1 |
|
|a допустимые режимы
|
| 610 |
1 |
|
|a радиоэлектронная аппаратура
|
| 675 |
|
|
|a 621.382.049.77
|z rus
|v 3
|
| 700 |
|
1 |
|a Ткаченко
|b В. А.
|g Владимир Александрович
|4 070
|
| 701 |
|
1 |
|a Рысин
|b В. С.
|g Валентин Сергеевич
|
| 701 |
|
1 |
|a Тимонтеев
|b В. Н.
|g Валерий Николаевич
|
| 712 |
0 |
2 |
|a Общество "Знание" Украинской ССР
|2 stltpush
|3 (RuTPU)RU\TPU\col\8781
|9 24581
|
| 801 |
|
0 |
|a RU
|b RuMRKP
|c 19950704
|g psbo
|
| 801 |
|
1 |
|a RU
|b 63413507
|c 20151117
|
| 801 |
|
2 |
|a RU
|b 63413507
|c 20190910
|g RCR
|
| 942 |
|
|
|c BK
|